Насосный агрегат для нефтепрдуктообеспечения (в порядке обсуждения); Нефтяное хозяйство; № 2

書誌詳細
Parent link:Нефтяное хозяйство: научно-технический производственный журнал.— , 1925-1940, 1946-.— 0028-2448
№ 2.— 2003.— С. 56-58
第一著者: Кузьмин С. А.
その他の著者: Мельников Д. И.
言語:ロシア語
出版事項: 2003
シリーズ:Энергосберегающие технологии
主題:
フォーマット: MixedMaterials 図書の章
KOHA link:https://koha.lib.tpu.ru/cgi-bin/koha/opac-detail.pl?biblionumber=385522

MARC

LEADER 00000naa2a2200000 4500
001 385522
005 20231101063357.0
035 |a (RuTPU)RU\TPU\prd\13413 
090 |a 385522 
100 |a 20030507a2003 k y0rusy50 ca 
101 0 |a rus 
102 |a RU 
200 1 |a Насосный агрегат для нефтепрдуктообеспечения (в порядке обсуждения)  |f С. А. Кузьмин, Д. И. Мельников 
225 1 |a Энергосберегающие технологии 
320 |a Библиогр.: 14 назв. 
461 1 |0 (RuTPU)RU\TPU\prd\1638  |x 0028-2448  |t Нефтяное хозяйство  |o научно-технический производственный журнал  |d 1925-1940, 1946- 
463 1 |0 (RuTPU)RU\TPU\prd\13358  |t № 2  |v С. 56-58  |d 2003 
610 1 |a насосные агрегаты 
610 1 |a нефтепродуктообеспечение 
610 1 |a энергосберегающие технологии 
675 |a 622.276.53  |v 3 
700 1 |a Кузьмин  |b С. А. 
701 1 |a Мельников  |b Д. И. 
801 1 |a RU  |b 63413507  |c 20030507  |g PSBO 
801 2 |a RU  |b 63413507  |c 20131025  |g RCR 
942 |c BK